Word Ladder: Which Was Better? Quiz Stats

 Plays Quiz Updated Jun 2, 2019

Score 0/9 Timer 01:00
1 Play Today
Hint Four Letter Word % Correct
A place to swimPOOL
98.7%
Prepare foodCOOK
98.5%
Not hotCOOL
97.3%
• Paper bound together between two covers •• BOOK •
96.2%
Solid medicinePILL
94.8%
SurveyPOLL
92.6%
Heap of thingsPILE
91.8%
• A collection of moving images shown in a cinema •• FILM •
88.8%
Rasp or cabinetFILE
84.9%

Today's Daily Dose

Word Ladder
Lean on Me

Get the Picture
Superhero by Villain

You're not logged in!

Compare scores with friends on all Sporcle quizzes.
OR
Log In

Sporcle TV

Today on Sporcle TV


Watch our educational content, quiz creation guides, and fun videos on Sporcle TV.

Show Comments

Extras

Top Quizzes Today


Score Distribution

Your Account Isn't Verified!

In order to create a playlist on Sporcle, you need to verify the email address you used during registration. Go to your Sporcle Settings to finish the process.

Report this User

Report this user for behavior that violates our Community Guidelines.

Details: